| 000 | 00000nam##2200000za#4500 |
| 001 | 9.688430 |
| 003 | CaOODSP |
| 005 | 20210624231424 |
| 007 | cr ||||||||||| |
| 008 | 150407|2000||||xxc|||||o f|0| 0 eng|d |
| 040 | |aCaOODSP|beng |
| 043 | |an-cn--- |
| 086 | 1 |aSW21-40/2000E-PDF |
| 110 | 1 |aCanada. |bStatus of Women Canada. |
| 245 | 14|aThe 1996 Census unpaid work data evaluation study / |h[electronic resource]|c[by] Leroy O. Stone and Sandra Swain. |
| 260 | |aOttawa - Ontario : |bStatus of Women Canada |c2000. |
| 300 | |a50p.|bglossary, graphs, tables |
| 500 | |aThe ISBN (0-662-28018-0) for the (2000) print edition has been printed in this electronic edition. N.B.: Incorrect catalogue number (SW21-40/2000E) printed in this publication. |
| 504 | |aBibliography. |
| 590 | |a06-10-Supp|b2006-12-15 |
| 690 | 07|aCensus data|2gcpds |
| 690 | 07|aHome economics|2gcpds |
| 690 | 07|aStatus of women|2gcpds |
| 690 | 07|aUnpaid work|2gcpds |
| 720 | 1 |aStone, Leroy |
| 720 | 1 |aSwain, Sandra |
| 775 | 08|tÉtude d'évaluation des données du recensement de 1996 relatives au travail non rémunéré / |w(CaOODSP)9.632854 |
| 776 | 0#|tThe 1996 Census unpaid work data evaluation study / |w(CaOODSP)9.661197 |
| 776 | 0#|tÉtude d'évaluation des données du recensement de 1996 relatives au travail non rémunéré / |w(CaOODSP)9.661198 |
| 856 | 40|ahttp://publications.gc.ca|qPDF|s390 KB|uhttps://publications.gc.ca/collections/Collection/SW21-40-2000E.pdf |